000 00801nam a2200217Ii 4500
003 JO-AjNU
008 230605s9999||||xx |||||||||||||| ||und||
017 _a2003/8/1635
040 _aJO-AjNU
_bara
_erda
_cJO-AjNU
041 _aara
050 1 4 _aLC4601..K3748 2004
100 3 _aالخطيب،جمال جمع وتحرير وتدريب/الحديدي،منى جمع وتعريب وتحرير ,
_eauthor
_923208
245 0 0 _aبرنامج تدريبي للأطفال المعاقين
250 _aط1
264 3 1 _aعمان:دار الفكر،2004
300 _a222ص
336 _atext
_btxt
_2rdacontent
337 _aunmediated
_bn
_2rdamedia
338 _avolume
_bnc
_2rdacarrier
650 4 _aالأطفال المعوقون-تعليم. الأطفال المعوقون-رعاية
_923209
999 _aA8360
_c11928
_d11928